000 01379nam a22003617a 4500
003 CHAP
005 20220329135446.0
008 971013s1980 r 00010 d
010 _a36843
011 _a37815
035 _a41935
040 _cCHAP
090 _aTesis
100 0 0 _aOrtiz Monasterio Rosas, José Iván.
_984026
245 _aEvaluación de 10 genotipos nuevos de soya (Glycine max (L) Merr.) adaptado a zonas de baja latitud en una región de elevada altitud de clima subtropical para múltiples propósitos
260 _aQuerétaro, Qro. :
_bEl autor,
_c1980
300 _a188 h.
502 _aTesis (Ing. Agr. Esp. en Producción) -- ITESM. Unidad Querétaro. Escuela de Agricultura y Ganadería
590 _aALEPH
_b10
_c20130110
_lUCH01
_h1302
590 _aBATCH-UPD
_b10
_c20130109
_lUCH01
_h2308
590 _aBATCH-UPD
_b10
_c20130110
_lUCH01
_h1447
590 _aBATCH-UPD
_b10
_c20130409
_lUCH01
_h1825
590 _aBATCH-UPD
_b10
_c20130410
_lUCH01
_h0916
590 _aBATCH-UPD
_b10
_c20130914
_lUCH01
_h1853
590 _aCONVERSION
_b10
_c20130109
_lUCH01
_h1321
650 1 4 _aSoya como forraje.
_9109101
650 1 4 _aSoya
_xEfecto del medio ambiente.
_9109042
650 1 4 _aSoya
_xGenética.
_9109054
901 _aBK
942 _cFOLL
949 _bBC
_cTES
_d-96382
_eTS1
_i41935
_si
949 _bBC
_cTES
_d33724000627469
_eTS2
_fc.2
_h30973
_i41935
_si
999 _c36843
_d36843